[Event "SVK-ch U10"]
[Site "Lubovnianske Kupele"]
[Date "2012.03.22"]
[Round "7"]
[White "Cader, Matej"]
[Black "Zelinsky, Martin"]
[Result "1-0"]
[WhiteElo "1242"]
[BlackElo "1000"]
[PlyCount "59"]
[EventDate "2012.03.17"]
[EventType "swiss"]
[EventRounds "9"]
[EventCountry "SVK"]
[SourceTitle "CBM 147 Extra"]
[Source "ChessBase"]
[SourceDate "2012.04.24"]
[SourceVersion "1"]
[SourceVersionDate "2012.04.24"]
[SourceQuality "1"]

1. e4 e5 2. Nc3 Nf6 3. f4 exf4 4. e5 Ng8 5. Nf3 d6 6. d4 Nc6 7. Bxf4 Bg4 8. Be2 f6 9. exf6 Nxf6 10. d5 Nb4 11. Bb5+ c6 12. dxc6 bxc6 13. Qe2+ Be7 14. Ba4 0-0 15. Qc4+ d5 16. Qf1 Re8 17. 0-0-0 Bc5 18. a3 Na6 19. Bxc6 Re7 20. Bxa8 Qxa8 21. Qxa6 d4 22. Qc4+ Kf8 23. Qxc5 dxc3 24. bxc3 Bxf3 25. gxf3 Qxf3 26. Bd6 Qe4 27. Bxe7+ Qxe7 28. Qxe7+ Kxe7 29. Rhe1+ Kf7 30. Kb2 1-0